[Event "2005 Standard Chess Dropout Tournament, Round 1"]
[Site "SchemingMind.com"]
[Date "2004.12.16"]
[Round "1"]
[White "pemb0915"]
[Black "willygor"]
[Result "0-1"]
[WhiteCountry "GBR"]
[BlackCountry "ARG"]
[WhiteElo "1405"]
[WhiteRD "144"]
[BlackElo "1678"]
[BlackRD "74"]
[GameID "6189"]

1. d4 Nf6 2. Nf3 e6 3. Nc3 Bb4 4. Bg5 Bxc3+ 5. bxc3 d5 6. Bxf6 Qxf6 7. e3 O-O 8. Bd3 Nd7 9. O-O c5 10. Ne5 c4
11. Be2 Nxe5 12. dxe5 Qxe5 13. Qd4 Qc7 14. e4 Qc6 15. exd5 exd5 16. Bg4 Bxg4 17. Qxg4 a6 18. Qf3 Rad8 19. Rae1 Rd6 20. Re3 Re8
21. Rxe8+ Qxe8 22. Qg3 Rd7 23. h3 b5 24. a3 g6 25. Qe3 Qxe3 26. fxe3 f5 27. Re1 Kf7 28. Kf2 Kf6 29. Kf3 Re7 30. Kf4 Re4+
31. Kf3 g5 32. g4 f4 33. Re2 Rxe3+ 34. Rxe3 fxe3 35. Kxe3 Ke5 36. Kf3= d4 37. cxd4+ Kxd4 38. Ke2 Kc3 39. Kd1 Kb2 40. Kd2 c3+
41. Kd1 Kxa3 42. Kc1 Kb4 43. Kd1 Ka3 44. Kc1 Ka2 45. Kd1 Kb1 46. Ke2 Kxc2 47. Ke1 b4 48. Ke2 b3
0-1

[Event "2005 Standard Chess Dropout Tournament, Round 1"]
[Site "SchemingMind.com"]
[Date "2004.12.13"]
[Round "1"]
[White "Pen2Paper"]
[Black "FGutierrez777"]
[Result "1-0"]
[WhiteCountry "CAN"]
[BlackCountry "USA"]
[WhiteElo "1457"]
[WhiteRD "124"]
[BlackElo "1087"]
[BlackRD "134"]
[GameID "6190"]

1. e4 e5 2. Nf3 d6 3. c3 Nf6 4. d4 Nxe4 5. dxe5 Bf5 6. Bd3 d5 7. O-O c6 8. Bxe4 Bxe4 9. e6 fxe6 10. Re1 g6
11. Nbd2 Bh6 12. Nxe4
1-0

[Event "2005 Standard Chess Dropout Tournament, Round 1"]
[Site "SchemingMind.com"]
[Date "2004.12.14"]
[Round "1"]
[White "philspeedy68"]
[Black "Gambito"]
[Result "0-1"]
[WhiteCountry "USA"]
[BlackCountry "ESP"]
[WhiteElo "1594"]
[WhiteRD "150"]
[BlackElo "1665"]
[BlackRD "130"]
[GameID "6191"]

1. e4 e5 2. Nf3 Nc6 3. Bc4 Bc5 4. Nc3 Nf6 5. d3 h6 6. h4 d6 7. Qe2 Qe7 8. Bd2 Bd7 9. Nb5 Bb6 10. O-O-O O-O-O
11. Be3 Be6 12. d4 Bxc4 13. Qxc4 exd4 14. Nfxd4 Nxd4 15. Rxd4 Bxd4 16. Qxd4 a6 17. Na7+ Kb8 18. Qb4 Qxe4 19. Qb3 Qd5 20. c4 Qxg2
21. Rd1 Nd7 22. Rd5 Ne5 23. f4 Qf1+ 24. Rd1 Qxc4+ 25. Qxc4 Nxc4
0-1

[Event "2005 Standard Chess Dropout Tournament, Round 1"]
[Site "SchemingMind.com"]
[Date "2004.12.13"]
[Round "1"]
[White "pudutse"]
[Black "refutor"]
[Result "1-0"]
[WhiteCountry "ARG"]
[BlackCountry "CAN"]
[WhiteElo "1794"]
[WhiteRD "142"]
[BlackElo "1526"]
[BlackRD "57"]
[GameID "6192"]

1. e4 c5 2. Nf3 Nc6 3. d4 cxd4 4. c3 dxc3 5. Nxc3 d6 6. Bc4 e6 7. Bf4 e5 8. Be3 Bg4 9. Qb3 Qd7 10. Ng5 Be6
11. Nxe6 fxe6 12. Bxe6 Qe7 13. Nd5 Qd8 14. Qxb7
1-0

[Event "2005 Standard Chess Dropout Tournament, Round 1"]
[Site "SchemingMind.com"]
[Date "2004.12.13"]
[Round "1"]
[White "PugadLawin"]
[Black "NimbleKnight"]
[Result "1/2-1/2"]
[WhiteCountry "PHI"]
[BlackCountry "USA"]
[WhiteElo "1878"]
[WhiteRD "102"]
[BlackElo "1906"]
[BlackRD "120"]
[GameID "6193"]

1. d4 d5 2. c4 Nc6 3. cxd5 Qxd5 4. e3 e5 5. Nc3 Bb4 6. Bd2 Bxc3 7. Bxc3 exd4 8. Ne2 Nge7 9. Nxd4 Nxd4 10. Qxd4 Qxd4
11. Bxd4 O-O 12. Be2 Be6 13. O-O Nc6 14. Bc3 a6 15. Rfd1 Rad8 16. b3 Bc8 17. Bf3 Rxd1+ 18. Rxd1 Rd8 19. Rxd8+ Nxd8 20. Be4 c5
21. Ba5 Ne6 22. Bb6 g6 23. f4 f5 24. Bd5 Kf8 25. Kf2 Ke7 26. g3 Kd6 27. e4 fxe4 28. Bxe4 Ng7 29. Ke3 Nf5+ 30. Kd3 Nh6
31. Kc4 Be6+ 32. Kc3 Bc8 33. a4 Ng4 34. h4 Nf6 35. Bf3 Nd5+ 36. Bxd5 Kxd5 37. a5 Bh3 38. Ba7 Bd7 39. Bb6 Bb5 40. Bc7 c4
41. bxc4+ Bxc4 42. g4 Be2 43. g5 Ke4 44. Kb4 Kf5 45. Bb8 Kg4 46. Bc7 Kxh4 47. Bb8 Kh5 48. Bc7 h6 49. gxh6 Kxh6 50. Bb8 Kh5
51. Bc7 Kg4 52. Bb8 Kf5 53. Bc7 Ke6 54. Bb8 Kd5 55. Bc7 Kc6 56. Bb8 b5 57. Be5 Kd5 58. Bb8 Bf1= 59. Bc7 Bd3 60. Bb8 Bc4
61. Bc7 Bf1 62. Bb8=
1/2-1/2

[Event "2005 Standard Chess Dropout Tournament, Round 1"]
[Site "SchemingMind.com"]
[Date "2004.12.13"]
[Round "1"]
[White "Raimondi"]
[Black "Skylark"]
[Result "1-0"]
[WhiteCountry "PER"]
[BlackCountry "AUS"]
[WhiteElo "1592"]
[WhiteRD "74"]
[BlackElo "1369"]
[BlackRD "143"]
[GameID "6194"]

1. e4 c6 2. d4 d5 3. Nc3 dxe4 4. Nxe4 Bf5 5. Ng3 Bg6 6. h4 h6 7. Nf3 Nd7 8. h5 Bh7 9. Bd3 Bxd3 10. Qxd3 e6
11. Bf4 Qa5+ 12. Bd2 Qc7 13. O-O-O Ngf6 14. Ne4 O-O-O 15. g3 Nxe4 16. Qxe4 Bd6 17. c4 Nf6 18. Qe2 c5 19. Bc3 Kb8 20. Kb1 Qc6
21. Ne5 Bxe5 22. Qxe5+ Qd6 23. dxc5 Qxe5 24. Bxe5+ Kc8 25. Bxf6 gxf6 26. Kc2 Rxd1 27. Rxd1 Rg8 28. b4 Rg5 29. Rh1 Rf5 30. f4 e5
31. Rh4 exf4 32. gxf4 Kc7 33. Kd3 Kd7 34. Ke4 Ke6 35. Rh3
1-0

[Event "2005 Standard Chess Dropout Tournament, Round 1"]
[Site "SchemingMind.com"]
[Date "2004.12.14"]
[Round "1"]
[White "raul guichard"]
[Black "Calypso"]
[Result "0-1"]
[WhiteCountry "POR"]
[BlackCountry "AUS"]
[WhiteElo "1586"]
[WhiteRD "137"]
[BlackElo "1471"]
[BlackRD "173"]
[GameID "6195"]

1. e4 e5 2. Nf3 d6 3. d4 exd4 4. Qxd4 c5 5. Qd1 Nf6 6. Nc3 Nc6 7. Bb5 Bd7 8. O-O a6 9. Bxc6 Bxc6 10. e5 dxe5
11. Nxe5 Bd6 12. Nxc6 bxc6 13. Re1+ Be7 14. Qf3 Qd7 15. Na4 O-O 16. Nb6 Qb7 17. Nxa8 Rxa8 18. c4 h6 19. Qg3 g5 20. Bxg5 hxg5
0-1

[Event "2005 Standard Chess Dropout Tournament, Round 1"]
[Site "SchemingMind.com"]
[Date "2004.12.13"]
[Round "1"]
[White "refutor"]
[Black "wilfried"]
[Result "0-1"]
[WhiteCountry "CAN"]
[BlackCountry "GER"]
[WhiteElo "1537"]
[WhiteRD "54"]
[BlackElo "2005"]
[BlackRD "152"]
[GameID "6196"]

1. Nf3 d5 2. d4 c6 3. c4 Nf6 4. cxd5 cxd5 5. Nc3 Nc6 6. Bf4 Bf5 7. e3 e6 8. Bd3 Bxd3 9. Qxd3 Bd6 10. Bxd6 Qxd6
11. O-O O-O 12. Rac1 Rfc8 13. h3 a6 14. a3 Rc7 15. b4 Rac8 16. b5 Na5 17. bxa6 bxa6 18. Ne2 Nc4 19. Ng3 Nxa3 20. Rxc7 Rxc7
21. Ra1 Nc4 22. Ne5 Qb6 23. Nxc4 dxc4 24. Qc3 Rc8 25. Nf1 Nd5 26. Qc2 c3 27. Nd2 Nb4 28. Qc1 Nd3 29. Qc2 Qb2 30. Ra2 Qxc2
31. Rxc2 Nb4 32. Rc1 c2 33. Kf1 Na2
0-1

[Event "2005 Standard Chess Dropout Tournament, Round 1"]
[Site "SchemingMind.com"]
[Date "2004.12.13"]
[Round "1"]
[White "riptide"]
[Black "sicilianchameleon"]
[Result "0-1"]
[WhiteCountry "USA"]
[BlackCountry "USA"]
[WhiteElo "1089"]
[WhiteRD "134"]
[BlackElo "1606"]
[BlackRD "106"]
[GameID "6197"]

1. d4 Nf6 2. Nc3 d5 3. Nf3 c5 4. e3 Nc6 5. Bb5 g6 6. O-O Bg7 7. Ne5 Bd7 8. Bxc6 bxc6 9. dxc5 O-O 10. Nxd7 Nxd7
11. Ne2 Nxc5 12. Nf4 e5 13. Nd3 Ne6 14. f4 Qd6 15. Nxe5 Bxe5 16. fxe5 Qxe5 17. Qd3 f5 18. Qa6 Rfc8 19. Re1 Nc5 20. Qe2 Ne4
21. c4 Rab8 22. Rf1 Rb4 23. c5 Rc4 24. Rf4 Rxc5 25. Qa6 Rc7 26. h4 Rb5 27. h5 d4 28. Qa3 Rd7 29. Qa6 Rc7
0-1

[Event "2005 Standard Chess Dropout Tournament, Round 1"]
[Site "SchemingMind.com"]
[Date "2004.12.13"]
[Round "1"]
[White "SharpNova"]
[Black "the gadget"]
[Result "1-0"]
[WhiteCountry "USA"]
[BlackCountry "ENG"]
[WhiteElo "2259"]
[WhiteRD "102"]
[BlackElo "1730"]
[BlackRD "165"]
[GameID "6200"]

1. e4 e5 2. Nf3 Nc6 3. Bb5 Bc5 4. O-O Nf6 5. c3 Bb6 6. d4 O-O 7. Re1 d6 8. Bg5 h6 9. Bh4 exd4 10. Bxc6 dxc3
11. Nxc3 bxc6 12. e5 dxe5 13. Qa4 Bd4 14. Rad1 c5 15. Rxe5 Bd7 16. Qc4 Be6 17. Qe2 Bg4 18. Rxc5 Bxc5 19. Rxd8 Rfxd8 20. Bxf6 gxf6
21. Qc4 Bxf3 22. Qxc5 Bb7 23. h4 Rd6 24. Qxc7 Rb6 25. Na4 Rb4 26. Nc5 Rc8 27. Qg3+ Kh7 28. Qa3 Rxh4 29. f3 Ba8 30. Nd7 Rd4
31. Qe7 Rd1+ 32. Kh2 Kg7 33. Qxf6+ Kg8 34. Qe7 Kg7 35. Qe5+ Kg8 36. Qg3+ Kh8 37. Nf6 Bxf3 38. Qe5 Rg8 39. Ne8+ Kh7 40. Qf5+ Kh8
41. Qf6+ Kh7 42. Qxf7+ Kh8 43. Qf6+ Kh7 44. Qxf3 Rxe8 45. Qf7+ Kh8 46. Qxe8+ Kg7 47. Qe2 Ra1 48. b4 Rb1 49. Qd3 Rxb4 50. Qc3+
1-0

[Event "2005 Standard Chess Dropout Tournament, Round 1"]
[Site "SchemingMind.com"]
[Date "2004.12.15"]
[Round "1"]
[White "sherlocksridhar"]
[Black "Tannhäuser"]
[Result "0-1"]
[WhiteCountry "IND"]
[BlackCountry "BAH"]
[WhiteElo "1327"]
[WhiteRD "220"]
[BlackElo "2213"]
[BlackRD "148"]
[GameID "6201"]

1. e4 e5 2. Nf3 Nf6 3. Nxe5 d6 4. Nf3 Nxe4 5. d4 d5 6. Bd3 Bd6 7. O-O O-O 8. c4 c6 9. Nc3 Nxc3 10. bxc3 dxc4
11. Be4 Qa5 12. Bd2 Nd7 13. Ng5 Nf6 14. Qf3 h6 15. Nh3 Re8 16. Bxh6 Bg4
0-1

[Event "2005 Standard Chess Dropout Tournament, Round 1"]
[Site "SchemingMind.com"]
[Date "2004.12.13"]
[Round "1"]
[White "sicilianchameleon"]
[Black "latvija"]
[Result "0-1"]
[WhiteCountry "USA"]
[BlackCountry "USA"]
[WhiteElo "1601"]
[WhiteRD "102"]
[BlackElo "1779"]
[BlackRD "211"]
[GameID "6202"]

1. c4 c5 2. Nc3 Nf6 3. Nf3 Nc6 4. d4 cxd4 5. Nxd4 e6 6. g3 Qb6 7. Nb3 Ne5 8. Be3 Qc6 9. f3 Neg4 10. Bf2 Nxf2
11. Kxf2 Ng4+ 12. Ke1 Ne3 13. Qc1 Nxf1 14. Rxf1 Qxc4 15. Nd2 Qc5 16. e4 Be7 17. Nb3 Qh5 18. Qd2 O-O 19. Kd1 d5 20. exd5 exd5
21. Nd4 Bg5 22. Qf2 Bh3 23. Re1 Rfe8 24. Rxe8+ Rxe8 25. Nxd5 Rd8 26. Qe2 Bh6
0-1

[Event "2005 Standard Chess Dropout Tournament, Round 1"]
[Site "SchemingMind.com"]
[Date "2004.12.14"]
[Round "1"]
[White "Skylark"]
[Black "philspeedy68"]
[Result "0-1"]
[WhiteCountry "AUS"]
[BlackCountry "USA"]
[WhiteElo "1369"]
[WhiteRD "143"]
[BlackElo "1594"]
[BlackRD "150"]
[GameID "6203"]

1. d4 e6 2. c4 b6 3. Nf3 c5 4. d5 d6 5. Nc3 exd5 6. cxd5 Nf6 7. e4 Qe7 8. Bb5+ Bd7 9. Bxd7+ Nbxd7 10. Qe2 g6
11. O-O Bg7 12. Bg5 h6 13. Bh4 g5
0-1

[Event "2005 Standard Chess Dropout Tournament, Round 1"]
[Site "SchemingMind.com"]
[Date "2004.12.13"]
[Round "1"]
[White "Spohn"]
[Black "JPT"]
[Result "1-0"]
[WhiteCountry "USA"]
[BlackCountry "INT"]
[WhiteElo "1836"]
[WhiteRD "116"]
[BlackElo "1699"]
[BlackRD "99"]
[GameID "6204"]

1. e4 e6 2. d4 d5 3. Nd2 dxe4 4. Nxe4 Bd7 5. Nf3 Bc6 6. Bd3 Nd7 7. Bf4 Ngf6 8. Qe2 Be7 9. O-O-O O-O 10. Rde1 a6
11. Neg5 Nd5 12. Nxe6 fxe6 13. Qxe6+ Kh8 14. Bd2 Bf6 15. Qh3 g6 16. Bxg6 Rg8 17. Qxh7#
1-0

[Event "2005 Standard Chess Dropout Tournament, Round 1"]
[Site "SchemingMind.com"]
[Date "2004.12.13"]
[Round "1"]
[White "startstek"]
[Black "sherlocksridhar"]
[Result "1-0"]
[WhiteCountry "ALG"]
[BlackCountry "IND"]
[WhiteElo "1860"]
[WhiteRD "129"]
[BlackElo "1327"]
[BlackRD "220"]
[GameID "6205"]

1. e4 e5 2. Nf3 Nc6 3. Bb5 a6 4. Ba4 Nf6 5. O-O b5 6. Bb3 Bb7 7. d3 Be7 8. c3 Ng4 9. h3 Nf6 10. Nbd2 O-O
11. Qe2 h6 12. Rd1 d5 13. Nf1 Na5 14. Bc2 Qd6 15. Ng3 Rad8 16. Nf5 Qe6 17. Nh2 Nd7 18. Ng4 c5 19. Bxh6 Rde8 20. Bd2 Kh8
21. Qf3 dxe4 22. dxe4
1-0

[Event "2005 Standard Chess Dropout Tournament, Round 1"]
[Site "SchemingMind.com"]
[Date "2004.12.13"]
[Round "1"]
[White "Stephen"]
[Black "bluerook"]
[Result "1-0"]
[WhiteCountry "ENG"]
[BlackCountry "USA"]
[WhiteElo "1849"]
[WhiteRD "82"]
[BlackElo "1675"]
[BlackRD "109"]
[GameID "6206"]

1. d4 d5 2. Nf3 Nf6 3. Bg5 c6 4. e3 Nbd7 5. Nbd2 g6 6. Be2 Bg7 7. c3 O-O 8. O-O Re8 9. Qc2 e5 10. dxe5 Nxe5
11. Nxe5 Rxe5 12. Nf3 Re6 13. c4 Qd7 14. cxd5 Nxd5 15. Rfd1 Re8 16. e4 Qe6 17. Bc4 Qxe4 18. Re1 Qxc2 19. Rxe8+ Bf8 20. Bh6
1-0

[Event "2005 Standard Chess Dropout Tournament, Round 1"]
[Site "SchemingMind.com"]
[Date "2004.12.13"]
[Round "1"]
[White "surfnsuds"]
[Black "Gustavo"]
[Result "1-0"]
[WhiteCountry "USA"]
[BlackCountry "ARG"]
[WhiteElo "1267"]
[WhiteRD "71"]
[BlackElo "1373"]
[BlackRD "105"]
[GameID "6207"]

1. d4 d6 2. Nf3 g6 3. Qd2 Bh6 4. e3 Nd7 5. Bb5 Nf6 6. Nc3 O-O 7. O-O a6 8. Bxd7 Bxd7 9. Qe2 Bc6 10. e4 Bg7
11. Ng5 b5 12. d5 Bd7 13. Qf3 Nh5 14. Ne2 h6 15. Nh3 f5 16. Be3 Qe8 17. c3 g5 18. Nd4 g4 19. Qd1 gxh3 20. gxh3 fxe4
21. Ne6 Bxe6 22. dxe6 Qg6+ 23. Kh1 Nf4 24. Qg4 Qxg4 25. hxg4 Nxe6 26. Rg1 Kh7 27. Raf1 c5 28. Rg3 Rf3 29. Rxf3 exf3 30. Re1 Be5
31. Rg1 Bf4 32. Re1 Re8 33. Rc1 Rg8 34. h3 Bxe3 35. fxe3
1-0

[Event "2005 Standard Chess Dropout Tournament, Round 1"]
[Site "SchemingMind.com"]
[Date "2004.12.13"]
[Round "1"]
[White "Tannhäuser"]
[Black "luismansilla"]
[Result "1-0"]
[WhiteCountry "BAH"]
[BlackCountry "ESP"]
[WhiteElo "2219"]
[WhiteRD "149"]
[BlackElo "1539"]
[BlackRD "141"]
[GameID "6208"]

1. c4 c6 2. e4 d5 3. exd5 cxd5 4. d4 Nf6 5. Nc3 Nc6 6. Bg5 Bf5 7. Bxf6 exf6 8. cxd5 Nb4 9. Bb5+ Bd7 10. Qe2+ Qe7
11. Bxd7+ Kxd7 12. Kd2 Qxe2+ 13. Ngxe2 Be7 14. h4 Rhd8 15. a3 Na6 16. h5 Ke8 17. Ng3 Nc7 18. Rae1 Rd7 19. Nf5 Kf8 20. Rxe7 Rxe7
21. d6 Rd7 22. dxc7 Rxc7 23. Kd3
1-0

[Event "2005 Standard Chess Dropout Tournament, Round 1"]
[Site "SchemingMind.com"]
[Date "2004.12.13"]
[Round "1"]
[White "Tex"]
[Black "calipo"]
[Result "0-1"]
[WhiteCountry "INT"]
[BlackCountry "ARG"]
[WhiteElo "1583"]
[WhiteRD "70"]
[BlackElo "1962"]
[BlackRD "100"]
[GameID "6209"]

1. d4 Nf6 2. c4 g6 3. Nc3 Bg7 4. e4 d6 5. f3 O-O 6. Be3 e5 7. d5 c6 8. Bd3 cxd5 9. cxd5 Nh5 10. Nge2 f5
11. exf5 gxf5 12. O-O Nd7 13. Qd2 Nc5 14. Bc2 a5 15. Na4 Nxa4 16. Bxa4 f4 17. Bf2 Qg5 18. Rac1 e4 19. fxe4 Bh3 20. g3 Qg4
21. Qd3 Bxf1 22. Kxf1 fxg3 23. Nxg3 Qh3+ 24. Kg1 Rxf2 25. Kxf2 Qxh2+ 26. Ke1 Nxg3
0-1

[Event "2005 Standard Chess Dropout Tournament, Round 1"]
[Site "SchemingMind.com"]
[Date "2004.12.13"]
[Round "1"]
[White "the gadget"]
[Black "Stephen"]
[Result "1-0"]
[WhiteCountry "ENG"]
[BlackCountry "ENG"]
[WhiteElo "1681"]
[WhiteRD "181"]
[BlackElo "1812"]
[BlackRD "79"]
[GameID "6210"]

1. e4 d5 2. exd5 Qxd5 3. Nc3 Qa5 4. Nf3 Nf6 5. Bc4 c6 6. d4 Bf5 7. Ne5 e6 8. g4 Bg6 9. h4 Bd6 10. O-O Bxe5
11. dxe5 Qxe5 12. Re1 Qc5 13. Bb3 h6 14. Bf4 Nbd7 15. Bd6 Qb6 16. a4 O-O-O 17. h5 Bh7 18. a5 Qa6 19. Qf3 g6 20. Be7 gxh5
21. Bxf6 hxg4 22. Qf4 Nxf6 23. Qxf6 Bg6 24. Bxe6+
1-0

[Event "2005 Standard Chess Dropout Tournament, Round 1"]
[Site "SchemingMind.com"]
[Date "2004.12.15"]
[Round "1"]
[White "threefingers3558"]
[Black "IncitatoX"]
[Result "0-1"]
[WhiteCountry "USA"]
[BlackCountry "ARG"]
[WhiteElo "1370"]
[WhiteRD "135"]
[BlackElo "1364"]
[BlackRD "83"]
[GameID "6212"]

1. h4 e5 2. b3 d5 3. Bb2 Bd6 4. e3 Nf6 5. Nf3 Nbd7 6. h5 c5 7. Bb5 a6 8. Bxd7+ Bxd7 9. Bxe5 Bg4 10. Bxf6 Qxf6
11. c3 d4 12. cxd4 Bxf3 13. Qxf3 cxd4 14. Qxf6 gxf6 15. exd4 O-O-O 16. O-O f5 17. Nc3 Bb4 18. Rac1 Kb8 19. d5 Bxc3 20. Rxc3 Rxd5
21. d3 f4 22. Re1 f3 23. gxf3 Rg8+ 24. Kf1 Rxh5 25. Ke2 Rg2 26. d4 Rd5 27. Rc4 b5 28. Rc6 Rxd4
0-1

[Event "2005 Standard Chess Dropout Tournament, Round 1"]
[Site "SchemingMind.com"]
[Date "2004.12.13"]
[Round "1"]
[White "TripleBrain"]
[Black "dinoladetto"]
[Result "1-0"]
[WhiteCountry "GBR"]
[BlackCountry "ITA"]
[WhiteElo "1860"]
[WhiteRD "176"]
[BlackElo "1700"]
[BlackRD "97"]
[GameID "6213"]

1. e4 e5 2. Nf3 Nf6 3. Nxe5 d6 4. Nf3 Nxe4 5. d4 d5 6. Bd3 Bg4 7. O-O Bd6 8. c4 O-O 9. cxd5 f5 10. Nc3 Nd7
11. h3 Nxc3 12. bxc3 Bh5 13. Rb1 Rb8 14. Re1 Nb6 15. c4 Be7 16. Qe2 Rf7 17. g4 fxg4 18. Ne5 Rf6 19. hxg4 Be8 20. Bg5 Rxf2
21. Qe4
1-0

[Event "2005 Standard Chess Dropout Tournament, Round 1"]
[Site "SchemingMind.com"]
[Date "2004.12.13"]
[Round "1"]
[White "Valverde"]
[Black "antje"]
[Result "1-0"]
[WhiteCountry "ESP"]
[BlackCountry "GER"]
[WhiteElo "1778"]
[WhiteRD "142"]
[BlackElo "1302"]
[BlackRD "111"]
[GameID "6214"]

1. e4 e5 2. Nf3 Nc6 3. Bb5 a6 4. Ba4 Nf6 5. O-O Bc5 6. c3 O-O 7. d4 exd4 8. cxd4 Ba7 9. e5 Nd5 10. Bb3 Nce7
11. Bg5 h6 12. Bh4 d6 13. Bxd5 c6 14. Bb3 d5 15. Bc2 Bd7 16. Qd3 g6 17. Bf6 Bf5 18. Qd2 Bxc2 19. Qxh6
1-0

[Event "2005 Standard Chess Dropout Tournament, Round 1"]
[Site "SchemingMind.com"]
[Date "2004.12.13"]
[Round "1"]
[White "wilfried"]
[Black "lea_dc"]
[Result "1-0"]
[WhiteCountry "GER"]
[BlackCountry "ARG"]
[WhiteElo "2005"]
[WhiteRD "152"]
[BlackElo "1524"]
[BlackRD "86"]
[GameID "6215"]

1. d4 d5 2. c4 e6 3. Nf3 Nf6 4. g3 dxc4 5. Bg2 Be7 6. Qa4+ Bd7 7. Qxc4 O-O 8. Nc3 Bc6 9. O-O Nbd7 10. Qd3 Nb6
11. e4 Re8 12. Ne5 Qd6 13. Bf4 Qb4 14. a3 Qb3 15. Rfd1 Rac8 16. Nxc6 bxc6 17. e5 Nfd5 18. Nxd5 Qxd3 19. Nxe7+ Rxe7 20. Rxd3 Nd5
21. Rc1 Rb8 22. b4 Nxf4 23. gxf4 Rd8 24. Rc5 Red7 25. Bxc6 Rxd4 26. Rxd4 Rxd4 27. Ra5 Rxf4 28. Rxa7 h5 29. b5 h4 30. Rxc7 h3
31. b6 Rc4 32. Bf3
1-0

[Event "2005 Standard Chess Dropout Tournament, Round 1"]
[Site "SchemingMind.com"]
[Date "2004.12.13"]
[Round "1"]
[White "willygor"]
[Black "gtolle"]
[Result "1/2-1/2"]
[WhiteCountry "ARG"]
[BlackCountry "USA"]
[WhiteElo "1665"]
[WhiteRD "81"]
[BlackElo "1502"]
[BlackRD "96"]
[GameID "6216"]

1. e4 c5 2. f4 Nc6 3. Nf3 e6 4. Bb5 Qb6 5. Bxc6 Qxc6 6. Nc3 b5 7. d3 b4 8. Ne2 Nf6 9. O-O Ba6 10. b3 d5
11. e5 Nd7 12. Ng3 c4 13. Be3 cxd3 14. cxd3 Bc5 15. d4 Bxf1 16. dxc5 Ba6 17. Rc1 O-O 18. f5 exf5 19. Nxf5 Qe6 20. N5d4 Qg6
21. c6 Nxe5 22. Qd2 Nxf3+ 23. Nxf3 Qd3 24. Bc5 Rfe8 25. Bxb4 h6 26. Qxd3 Bxd3 27. Bc5 a5 28. a3 Re2 29. Nd4 Rb2 30. b4 axb4
31. Bxb4 Rb1 32. Rxb1 Bxb1 33. Kf2 Be4 34. g3 f5 35. Ke3 g5 36. Nb5 Kg7 37. c7 Kf6 38. Nd6 f4+ 39. gxf4 Bf5 40. fxg5+ Kxg5
41. Nxf5 Kxf5 42. Kd4 Ke6 43. Be1 Kd7 44. Bg3 Kc6 45. Kc3 h5 46. a4 Kd7 47. Kb4 d4 48. a5 Re8 49. a6 d3 50. Kc3 Ke6
51. Kxd3 Kd5 52. Kc3 Kc5 53. a7 Kb6= 54. Kc4 Kxa7 55. Kc5 Kb7 56. Kd6 Kc8 57. Kd5 Kd7 58. Kc5 Re6 59. Kd5 Rh6 60. Bf4 Rg6
61. Ke4 Rg4 62. Kf5 Rg2 63. h4 Rg4 64. Bg5 Kxc7=
1/2-1/2

[Event "2005 Standard Chess Dropout Tournament, Round 2"]
[Site "SchemingMind.com"]
[Date "2005.04.04"]
[Round "2"]
[White "Greg Magne"]
[Black "catsnack"]
[Result "1-0"]
[WhiteCountry "CAN"]
[BlackCountry "AUS"]
[WhiteElo "1874"]
[WhiteRD "117"]
[BlackElo "1936"]
[BlackRD "88"]
[GameID "12009"]

1. e4 c5 2. Nf3 Nc6 3. d4 cxd4 4. Nxd4 Nf6 5. Nc3 d6 6. Bg5 e6 7. Qd2 a6 8. O-O-O h6 9. Bh4 Be7 10. f4 Qc7
11. Be2 Bd7 12. Bf3 O-O 13. Bf2 Rac8 14. g4 Nxd4 15. Bxd4 Bc6 16. h4 Nd7 17. g5 h5 18. Bxh5 b5 19. Bf3 b4 20. Ne2 e5
21. f5 exd4 22. f6 Nxf6 23. gxf6 Bxf6 24. Nf4 Be5 25. Nd3 a5 26. Rdg1 f5 27. h5 fxe4 28. Nxe5 dxe5 29. h6 Rf7 30. Bh5 Re7
31. Qh2 e3 32. hxg7 Bxh1 33. Bg6 Kxg7 34. Be4+ Kf7 35. Qh5+ Kf8 36. Qh8+
1-0

[Event "2005 Standard Chess Dropout Tournament, Round 2"]
[Site "SchemingMind.com"]
[Date "2005.04.04"]
[Round "2"]
[White "alanwo"]
[Black "Huima"]
[Result "1-0"]
[WhiteCountry "ENG"]
[BlackCountry "FIN"]
[WhiteElo "1674"]
[WhiteRD "92"]
[BlackElo "1561"]
[BlackRD "104"]
[GameID "12010"]

1. d4 Nf6 2. Nf3 d5 3. Bg5 Ne4 4. Bf4 c5 5. e3 Qb6 6. Qc1 Nc6 7. c3 Bf5 8. Nbd2 Rc8 9. Nxe4 Bxe4 10. Nd2 Bg6
11. dxc5 Qxc5 12. Nb3 Qb6 13. Qd2 e6 14. Bd3 Bxd3 15. Qxd3 Be7 16. O-O O-O 17. Qe2 Bf6 18. Rab1 e5 19. Bg3 Rfe8 20. Qf3 e4
21. Qg4 Ne5 22. Qe2 h6 23. Kh1 Nc4 24. Nd4 a6 25. Rfd1 Be5 26. Nf5 Bxg3 27. Nxg3 Qe6 28. Nh5 Qg6 29. Nf4 Qc6 30. Rd4 Rcd8
31. Rbd1 Re5 32. b3 Nb6 33. Qd2 g5 34. Ne2 Rd7 35. c4 Rf5 36. Nc3 Qf6 37. Kg1 Qe6 38. cxd5 Nxd5 39. Nxe4 b6 40. Nc3 Nxc3
41. Qxc3 Rxd4 42. Rxd4 a5 43. Rd8+
1-0

[Event "2005 Standard Chess Dropout Tournament, Round 2"]
[Site "SchemingMind.com"]
[Date "2005.04.06"]
[Round "2"]
[White "aliwood"]
[Black "wilfried"]
[Result "0-1"]
[WhiteCountry "ENG"]
[BlackCountry "GER"]
[WhiteElo "1242"]
[WhiteRD "68"]
[BlackElo "2069"]
[BlackRD "120"]
[GameID "12011"]

1. e4 c5 2. Nf3 d6 3. d4 cxd4 4. Nxd4 Nf6 5. Nc3 Nc6 6. Bg5 e6 7. Qd2 a6 8. O-O-O Bd7 9. f4 h6 10. Bh4 Be7
11. Nf3 b5 12. e5 dxe5 13. Be2 b4 14. Ne4 Nxe4 15. Qe3 Nc3 16. bxc3 Bxh4 17. c4 exf4 18. Qxf4 Bf6 19. Rhe1 Qa5 20. Rd3 Qxa2
21. Rb3 Nd4 22. Nxd4 Bg5 23. Qd2 Qa1+ 24. Rb1 Bxd2+ 25. Kxd2 Qc3+ 26. Kd1 Ba4 27. Rf1 O-O-O 28. Rf4 Bxc2+ 29. Kc1 Bb3+ 30. Nc2 Qxc2#
0-1

[Event "2005 Standard Chess Dropout Tournament, Round 2"]
[Site "SchemingMind.com"]
[Date "2005.04.04"]
[Round "2"]
[White "Alopinto"]
[Black "roscoe"]
[Result "0-1"]
[WhiteCountry "COL"]
[BlackCountry "USA"]
[WhiteElo "1521"]
[WhiteRD "101"]
[BlackElo "1542"]
[BlackRD "89"]
[GameID "12012"]

1. e4 e5 2. Nf3 d6 3. d4 h6 4. dxe5 Nc6 5. exd6 cxd6 6. Bb5 a6 7. Bxc6+ bxc6 8. O-O Nf6 9. e5 Ne4 10. exd6 Bxd6
11. Re1 Bf5 12. Nc3 O-O 13. Nxe4 Bb4 14. Qxd8 Raxd8 15. c3 Ba5
0-1

[Event "2005 Standard Chess Dropout Tournament, Round 2"]
[Site "SchemingMind.com"]
[Date "2005.04.04"]
[Round "2"]
[White "Austin Lockwood"]
[Black "Valverde"]
[Result "0-1"]
[WhiteCountry "ENG"]
[BlackCountry "ESP"]
[WhiteElo "1646"]
[WhiteRD "78"]
[BlackElo "1862"]
[BlackRD "118"]
[GameID "12013"]

1. e4 e5 2. Nf3 Nc6 3. Bb5 f5 4. exf5 e4 5. Bxc6 dxc6 6. Ne5 Bxf5 7. O-O Qd4 8. Ng4 O-O-O 9. c3 Qd3 10. Ne3 Be6
11. Qa4 Kb8 12. b3 Nf6 13. Ba3 Bxa3 14. Qxa3 Rd7 15. c4 Rf7 16. Nc3 h5 17. Rad1 Ng4 18. Nxg4 hxg4 19. Qc5 Rf5 20. Qe7 Rfh5
21. Qxe6 Rxh2 22. Qe8+ Rxe8 23. Kxh2 Rh8+ 24. Kg1 Qd6 25. Rfe1 Qh2+ 26. Kf1 Qh1+ 27. Ke2 Qxg2
0-1